<?xml version="1.0" encoding="UTF-8"?>
<record
    xmlns:xsi="http://www.w3.org/2001/XMLSchema-instance"
    xsi:schemaLocation="http://www.loc.gov/MARC21/slim http://www.loc.gov/standards/marcxml/schema/MARC21slim.xsd"
    xmlns="http://www.loc.gov/MARC21/slim">

  <leader>00903nam a2200157   4500</leader>
  <controlfield tag="008">759.949.2 T693g</controlfield>
  <datafield tag="020" ind1=" " ind2=" ">
    <subfield code="a">9992484136</subfield>
  </datafield>
  <datafield tag="082" ind1=" " ind2=" ">
    <subfield code="a">759.949.2</subfield>
    <subfield code="b">T693g</subfield>
  </datafield>
  <datafield tag="100" ind1=" " ind2=" ">
    <subfield code="a">Torres, Mar&#xED;a Dolores G.</subfield>
    <subfield code="9">1581</subfield>
  </datafield>
  <datafield tag="245" ind1=" " ind2=" ">
    <subfield code="a">Los grabados de Rembrandt</subfield>
  </datafield>
  <datafield tag="260" ind1=" " ind2=" ">
    <subfield code="a">Nicaragua</subfield>
    <subfield code="c">2005</subfield>
  </datafield>
  <datafield tag="300" ind1=" " ind2=" ">
    <subfield code="a">95p.</subfield>
    <subfield code="b">ill.</subfield>
    <subfield code="c">29.5 x 20 cm</subfield>
  </datafield>
  <datafield tag="505" ind1=" " ind2=" ">
    <subfield code="t">Presentaci&#xF3;n</subfield>
    <subfield code="t">Introducci&#xF3;n</subfield>
    <subfield code="t">Los grabados de Rembrandt y sus temas principales. El arte gr&#xE1;fico y sus t&#xE9;cnicas</subfield>
    <subfield code="t">El destino de los aguafuertes de Rembrandt: una breve historia</subfield>
    <subfield code="t">La catalogaci&#xF3;n de los grabados de Rembrandt</subfield>
    <subfield code="t">La obra gr&#xE1;fica de Rembrandt y sus temas principales</subfield>
    <subfield code="t">Los autorretratos</subfield>
    <subfield code="t">Escenas b&#xED;blicas</subfield>
    <subfield code="t">Escenas de g&#xE9;nero</subfield>
    <subfield code="t">Estudios de desnudo</subfield>
    <subfield code="t">Paisajes</subfield>
    <subfield code="t">Retratos y bustos</subfield>
    <subfield code="t">Consideraciones finales</subfield>
    <subfield code="t">Biograf&#xED;a del artista</subfield>
    <subfield code="t">Notas</subfield>
    <subfield code="t">Glosario</subfield>
  </datafield>
  <datafield tag="650" ind1=" " ind2=" ">
    <subfield code="x">arte barroco</subfield>
    <subfield code="x">Holanda</subfield>
    <subfield code="x">Grabado</subfield>
    <subfield code="x">cr&#xED;tica e interpretaci&#xF3;n</subfield>
    <subfield code="9">6337</subfield>
  </datafield>
  <datafield tag="710" ind1=" " ind2=" ">
    <subfield code="a">Fundaci&#xF3;n Ortiz-Gurdi&#xE1;n</subfield>
    <subfield code="9">1759</subfield>
  </datafield>
  <datafield tag="999" ind1=" " ind2=" ">
    <subfield code="c">1469</subfield>
    <subfield code="d">1469</subfield>
  </datafield>
  <datafield tag="952" ind1=" " ind2=" ">
    <subfield code="0">0</subfield>
    <subfield code="1">0</subfield>
    <subfield code="2">ddc</subfield>
    <subfield code="4">0</subfield>
    <subfield code="7">0</subfield>
    <subfield code="a">LV</subfield>
    <subfield code="b">LV</subfield>
    <subfield code="c">Gr&#xE1;fica</subfield>
    <subfield code="d">2018-05-26</subfield>
    <subfield code="l">0</subfield>
    <subfield code="o">759.949.2 T693g</subfield>
    <subfield code="p">001013</subfield>
    <subfield code="r">2018-05-26 00:00:00</subfield>
    <subfield code="w">2018-05-26</subfield>
    <subfield code="y">01</subfield>
  </datafield>
</record>
